<?xml version="1.0" encoding="UTF-8"?><?xml-stylesheet type="text/xsl" href="static/style.xsl"?><OAI-PMH xmlns="http://www.openarchives.org/OAI/2.0/" xmlns:xsi="http://www.w3.org/2001/XMLSchema-instance" xsi:schemaLocation="http://www.openarchives.org/OAI/2.0/ http://www.openarchives.org/OAI/2.0/OAI-PMH.xsd"><responseDate>2026-04-30T00:47:53Z</responseDate><request verb="GetRecord" identifier="oai:uvadoc.uva.es:10324/41633" metadataPrefix="marc">https://uvadoc.uva.es/oai/request</request><GetRecord><record><header><identifier>oai:uvadoc.uva.es:10324/41633</identifier><datestamp>2021-06-18T07:33:20Z</datestamp><setSpec>com_10324_38</setSpec><setSpec>col_10324_787</setSpec></header><metadata><record xmlns="http://www.loc.gov/MARC21/slim" xmlns:doc="http://www.lyncode.com/xoai" xmlns:xsi="http://www.w3.org/2001/XMLSchema-instance" xmlns:dcterms="http://purl.org/dc/terms/" xsi:schemaLocation="http://www.loc.gov/MARC21/slim http://www.loc.gov/standards/marcxml/schema/MARC21slim.xsd">
<leader>00925njm 22002777a 4500</leader>
<datafield tag="042" ind1=" " ind2=" ">
<subfield code="a">dc</subfield>
</datafield>
<datafield tag="720" ind1=" " ind2=" ">
<subfield code="a">López de Heredia Sánchez, Andrés Simón</subfield>
<subfield code="e">author</subfield>
</datafield>
<datafield tag="260" ind1=" " ind2=" ">
<subfield code="c">2020</subfield>
</datafield>
<datafield tag="520" ind1=" " ind2=" ">
<subfield code="a">El presente Trabajo Fin de Máster aborda un caso práctico en el que la parte demandante acude a un despacho profesional para solucionar un problema derivado de la inclusión de sus datos de carácter personal en un fichero de solvencia patrimonial, la cual le ha ocasionado, a su parecer, diversos perjuicios. Por ello, solicita conocer el procedimiento a seguir para llevar a cabo una demanda contra la empresa que introdujo sus datos en el referido fichero. El objeto de la controversia, los presupuestos para la inclusión en ficheros de solvencia patrimonial y la reclamación de cantidad pertinente, son cuestiones que resuelve este dictamen.</subfield>
</datafield>
<datafield tag="024" ind2=" " ind1="8">
<subfield code="a">http://uvadoc.uva.es/handle/10324/41633</subfield>
</datafield>
<datafield tag="245" ind1="0" ind2="0">
<subfield code="a">Estudio jurídico sobre la intromisión ilegítima en el derecho al honor por inclusión en ficheros de solvencia patrimonial</subfield>
</datafield>
</record></metadata></record></GetRecord></OAI-PMH>